000 00290nam a22001337a 4500
008 170519b xxu||||| |||| 00| 0 eng d
020 _a0394620569
041 _aeng
080 _a94
100 _a16
101 _aSHH
245 _aTHE OTHER SIDE OF PARADISE
_cBARRY,T
942 _2udc
_cBK
999 _c13584
_d13584